00450cam a22000977a 4500008004000000082002000040245014000060260006600200300001000266700007600276180718b1976 xxu||||| |||| 00| 0 eng d aR11068x54 In2cs aReport of survey on employment in caustic soda and soda- ash Indiacby Directorate General of Employment & Training, Ministry of Labour aNew DelhibDirectorate General of Employment & Trainingc1976 a105p. aIndia. Directorate General of Employment & Training, Ministry of Labour